000
00335nam a2200145Ia 4500
008
150201s2003 xx 000 0 und d
082
_a
617.51
_b
C03B
100
_a
BULL, TONY R.
245
_a
COLOR ATLAS OF ENT DIAGNOSIS
250
_a
3RD
260
_b
THIEME
_a
NEW YORK
_c
2003
300
_a
1-258
650
_a
ENT
942
_2
ddc
_c
BK
999
_c
1762
_d
1762